000 00673nam a22002177a 4500
003 UA-OsUOA
001 78654
007 ta
008 20111018b un ||||| |||| 00| 0 ukr d
100 _aІзмайлова К.
090 _a330(477)
_bИ99
942 _cSA
040 _aUA-OsUOA
_bukr
_cUA-OsUOA
_dUA-OsUOA
245 _aОбгрунтування економічних рішень щодо підвищення ефективності проектів на пердінвестиційній стадії
300 _aС.79-88
955 _a0
041 _aukr
080 _a330(477)
773 0 _w78635
650 7 _a330 Економіка взагалі
_2UDC
999 _c364964
_d364964